000 00875cam a22002897a 4500
003 CHAP
005 20220817042017.0
008 971013s1976 r 00010 d
010 _a31745
011 _a32717
035 _a36832
040 _cCHAP
082 _a080
_bS4 v.275
100 0 0 _aNelken, Margarita.
_980758
245 1 3 _aUn mundo etéreo ; la pintura de Lucinda
260 _aMéxico, D. F. :
_bSecretaría de Educación Pública,
_c1976
300 _a158 p.
_b: ilus.
490 0 _aSEP/Setentas
_v; 275
590 _aBATCH-UPD
_b10
_c20130109
_lUCH01
_h2316
590 _aBATCH-UPD
_b10
_c20130110
_lUCH01
_h1823
590 _aCONVERSION
_b10
_c20130109
_lUCH01
_h1318
650 1 4 _aPintores mexicanos.
_988310
830 0 _aSEP. Setentas
_v; 275
901 _aBK
942 _cLIBRO
949 _a080 S4 v.275
_bBC
_cLIBRO
_d33724000317319
_eLIBRO
_h44543
_i36832
_si
999 _c31745
_d31745